000 00613nam a2200193Ia 4500
003 GCL
008 140319s9999 xx 000 0 ara d
040 _aGCL /
_cGCL
082 0 4 _a492.4
_bم م
100 1 _aمحمود احمد حسن المراغى
245 1 0 _aمدخل الىاللغة العبرية /
_cمحمود احمد حسن المراغى
300 _a224 ص
490 _a
650 0 4 _aاللغة العبرية
650 0 4 _aاللغة العبرية - الفاظ
650 0 4 _aاللغة العبرية - النحو
650 0 4 _aاللغة العبرية - النطق
942 _2ddc
_cBK
999 _c47807
_d47807